000 00817nam a22002177i 4500
999 _c23340
_d23340
003 AR-CdUCM
008 250724b20192019 pe||||| |||| 00| 0 spa d
040 _aMUNICIPALIDAD PROVINCIAL DEL CUSCO
_cBIBLIOTECA MUNICIPAL DEL CUSCO
041 _hspa
082 _a001.42 / A21
_bA21
100 _aAco Corrales, Eder Arturo
_950716
245 _aLos mapas mentales de la investigación
260 _aSantiago-Cusco
_bMultiservicios Nicolás
_c2019
300 _a38 páginas. :
_bIlustraciones
_c20x14 cm.
505 _aTipos de trabajo de investigación -- Errores de fondo -- Diseño de la investigación -- muestreo probabilístico
650 _aInvestigación
_91940
650 _aJustificación de la investigación
_949406
650 _aBases teóricas
_91546
942 _2ddc
_cLIBROS
945 _apbjr
_d24-07-2025